000 03502cam a22012614i 4500
003 PE-LiUPU
005 20250813185436.0
008 191112s2018 sp r 001 0 spa d
020 _a8466342443
020 _a9788466342445
035 _a(Sirsi) a252695
040 _aPE-LiUPU
_bspa
_cPE-LiUPU
_erda
041 1 _aspa
_eng
049 _aPRUA
082 0 4 _a302.13
_bG52
_220
100 1 _aGladwell, Malcolm,
_eautor.
245 1 3 _aEl punto clave /
_cMalcolm Gladwell ; traducción de Inés Belaustegui.
250 _aPrimera edición.
264 1 _a[Barcelona] :
_bDebolsillo,
_c2018.
300 _a331 páginas ;
_c19 centímetros.
336 _atext
_2rdacontent
337 _aunmediated
_2rdamedia
338 _avolume
_2rdacarrier
490 0 _aClave
504 _aÍndice: páginas 325-331.
505 0 _aLas tres normas de toda epidemia -- La ley de los especiales: conectores, mavens y vendedores natos -- El factor del gancho: barrio sésamo, blue's clues y el virus educativo -- El poder del contexto (primera parte). Bernie Goetz y la Ascensión y caída del crimen en New York -- El poder del contexto (segunda parte). 150, un número mágico -- Trabajos de campo (primera parte). Rumores, zapatos de lona y el poder de la traducción -- Trabajos de campo (segunda parte). Suicidio, tabaco y la búsqueda del cigarrillo no adictivo -- Conclusión. Concentrarse, comprobar y tener fe.
526 _aP202
526 _aP201
526 _aP163
526 _aP162
526 _aP161
526 _aP160
526 _aP148
526 _aP147
526 _aP146
526 _aP145
526 _aP144
526 _aP143
526 _aP142
526 _aP141
526 _aP140
526 _aP139
526 _aP138
526 _aP137
526 _aP136
526 _aP135
526 _aP134
526 _aP133
526 _aP129
526 _aP128
526 _aP127
526 _aP120
526 _aP119
526 _aP118
526 _aP116
526 _aP115
526 _aP114
526 _aP110
526 _aP109
526 _aP108
526 _aP104
526 _aP103
526 _aP102
526 _aP99
526 _aP98
526 _aP97
526 _aP96
526 _aP95
526 _aP93
526 _aP90
526 _aP89
526 _aP88
526 _aP83
526 _aP82
526 _aP62
526 _aP59
526 _aP58
526 _aP57
526 _aP51
526 _aP49
526 _aP48
526 _aP47
526 _aP29
526 _aP24
526 _aP20
526 _aP19
526 _aP17
526 _aP15
526 _aP14
526 _aP12
526 _aP10
526 _aP09
526 _aP08
526 _aP07
526 _aP06
526 _aP05
526 _aP04
526 _aP01
534 _pTítulo original :
_tTipping point.
541 _g001-18;
650 0 7 _aInfluencia (Psicología)
_2embne
700 1 _aBelaustegui, Inés,
_etraductor.
910 _adbm
_bncf
_cncf
_d20191112
942 _2ddc
_cBOOK
994 _aC0
_bPEPRU
596 _a1
999 _a302.13 G52
_wDEWEY
_c31924
_i80832
_f2021-11-4
_g3
_lCCODEBUL1
_mBUL
_p37.17
_r0
_sY
_tBOOK
_u2019-11-12
_xBIBLIOTECA
_PP54
_0COMPRA
_1FCOMPR4
_o.STAFF. Colección Ciencias de la Salud
_d31924
980 _81
_gALBERTO SANCHEZ Responsable de Automatización